| 000 | 00462nam a2200157 i 4500 | ||
|---|---|---|---|
| 001 | 50369 | ||
| 003 | ES-MaACL | ||
| 005 | 20230906162152.0 | ||
| 007 | t| | ||
| 008 | 030804s1938 ec ||||1| spa d | ||
| 100 | 1 |
_aCuadra, José de la. _941875 |
|
| 245 | 1 | 0 |
_aGuasinton _b: relatos y crónicas / _cJosé de la Cuadra. |
| 260 |
_aQuito : _b[s.n., _c1938] ( _fTalls. Gráfs. de Educación) |
||
| 300 |
_a163 p. ; _c22 cm. |
||
| 852 |
_aES-MaACL _j1910-F-6 _bR.29435 |
||
| 999 |
_c50369 _d50369 |
||